World Open Snooker Winners - Statistics

General Stats
  • This quiz has been taken 9 times
  • The average score is 27 of 39
Answer Stats
Year Country Winner % Correct
2025 Scotland John Higgins
100%
2008 Scotland John Higgins
100%
2005 Scotland John Higgins
100%
1999 Scotland John Higgins
100%
1994 Scotland John Higgins
100%
2024 England Judd Trump
88%
2019 England Judd Trump
88%
2018 Wales Mark Williams
88%
2003 Wales Mark Williams
88%
2000 Wales Mark Williams
88%
1996 Wales Mark Williams
88%
2010 Australia Neil Robertson
88%
2009 Australia Neil Robertson
88%
2006 Australia Neil Robertson
88%
1995 Scotland Stephen Hendry
88%
1991 Scotland Stephen Hendry
88%
1990 Scotland Stephen Hendry
88%
1987 Scotland Stephen Hendry
88%
1989 England Steve Davis
88%
1988 England Steve Davis
88%
1985 England Steve Davis
88%
1984 Northern Ireland Dennis Taylor
75%
2004 England Ronnie O'Sullivan
75%
1992 England Jimmy White
63%
1986 England Jimmy White
63%
2013 Northern Ireland Mark Allen
63%
2012 Northern Ireland Mark Allen
63%
1982 Wales Ray Reardon
63%
2014 England Shaun Murphy
63%
2017 China Ding Junhui
50%
2007 Hong Kong Marco Fu
50%
1993 England Peter Ebdon
50%
2026 Thailand Thepchaiya Un-Nooh
38%
2016 England Ali Carter
13%
2002 Scotland Chris Small
13%
1997 Wales Dominic Dale
13%
1983 England Tony Knowles
13%
2001 England Stephen Lee
0%
1998 England Stephen Lee
0%
No matching quizzes found
Score Distribution
Percent of People with Each Score
Percentile by Number Answered
Your Score History
You have not taken this quiz